| 000 | 00813cam a22002653a 4500 | ||
|---|---|---|---|
| 001 | 25829 | ||
| 003 | PGUSA | ||
| 005 | 20140828083545.0 | ||
| 008 | 080618s2008||||xxu|||||s|||||000 1 eng d | ||
| 040 |
_aPGUSA _beng |
||
| 042 | _adc | ||
| 050 | 4 | _aPR | |
| 100 | 1 |
_aBottome, Phyllis, _d1884-1963 |
|
| 245 | 1 | 4 |
_aThe Dark Tower _h[electronic resource] / _cPhyllis Bottome |
| 260 |
_bProject Gutenberg, _c2008 |
||
| 506 | _aPublic domain in the USA. | ||
| 516 | _aElectronic text | ||
| 653 | _aWorld War, 1914-1918 -- Fiction | ||
| 653 | _aGreat Britain. Army -- Officers -- Fiction | ||
| 653 | _aTriangles (Interpersonal relations) -- Fiction | ||
| 700 | 1 |
_aSoper, James Hamlin Gardner, _d1877-1939 |
|
| 830 | 0 |
_aProject Gutenberg _v25829 |
|
| 856 | 4 | 0 | _uhttp://www.gutenberg.org/ebooks/25829 |
| 942 | _cEB | ||
| 999 |
_c255084 _d255084 |
||